[Event "NAYCC U16"]
[Site "Montreal CAN"]
[Date "2010.08.18"]
[Round "6"]
[White "Sapozhnikov, Roman"]
[Black "Xiong, Jerry"]
[Result "1-0"]
[WhiteElo "2416"]
[BlackElo "2306"]
[PlyCount "65"]
[EventDate "2010.08.16"]
[EventType "swiss"]
[EventRounds "7"]
[EventCountry "CAN"]

1. e4 c5 2. Nf3 d6 3. d4 cxd4 4. Nxd4 Nf6 5. Nc3 g6 6. Be3 Bg7 7. f3 O-O 8. Qd2
Nc6 9. O-O-O Nxd4 10. Bxd4 Be6 11. Kb1 Qc7 12. h4 Rfc8 13. h5 Qa5 14. hxg6 fxg6
15. a3 Rab8 16. Bd3 b5 17. Qg5 Bf7 18. Nd5 Qd8 19. Qh4 h6 20. Bxa7 g5 21. Nxf6+
exf6 22. Qf2 Rb7 23. Be3 Qe8 24. Bd4 Ra8 25. Bc3 Qe6 26. Kc1 Rab8 27. Qd4 Rd7
28. g3 Qe8 29. Rxh6 Bxh6 30. Qxf6 Kh7 31. Rh1 Bg6 32. Qxg5 Qf8 33. Bd2 1-0

[Event "NAYCC U16"]
[Site "Montreal CAN"]
[Date "2010.08.18"]
[Round "6"]
[White "Sarrazin-Gendron, Roman"]
[Black "Hinson, Miles"]
[Result "1-0"]
[WhiteElo "1784"]
[BlackElo "2103"]
[PlyCount "59"]
[EventDate "2010.08.16"]
[EventType "swiss"]
[EventRounds "7"]
[EventCountry "CAN"]

1. Nf3 Nf6 2. c4 g6 3. Nc3 Bg7 4. e4 d6 5. d4 O-O 6. Be2 Nbd7 7. Be3 c5 8. h3
cxd4 9. Nxd4 Ne5 10. O-O Bd7 11. Qd2 Rc8 12. b3 b5 13. cxb5 Rxc3 14. Qxc3 Nxe4
15. Qb4 Qa8 16. Rac1 Nc5 17. Qa5 f5 18. Nf3 Ne4 19. Rc7 Rd8 20. Rxa7 Qb8 21.
Rb7 Qxb7 22. Qxd8+ Kf7 23. Ng5+ Nxg5 24. Bxg5 Bf6 25. Bxf6 Kxf6 26. Qh8+ Kf7
27. Qxh7+ Kf6 28. Qh4+ Kf7 29. Qa4 f4 30. Qxf4+ 1-0

[Event "NAYCC U16"]
[Site "Montreal CAN"]
[Date "2010.08.18"]
[Round "6"]
[White "Zhou, Joseph"]
[Black "Liu, Dan"]
[Result "1/2-1/2"]
[WhiteElo "1398"]
[BlackElo "1638"]
[PlyCount "53"]
[EventDate "2010.08.16"]
[EventType "swiss"]
[EventRounds "7"]
[EventCountry "CAN"]

1. d4 d5 2. c4 e6 3. Nf3 Nf6 4. Nc3 Be7 5. e3 Nbd7 6. Be2 dxc4 7. Bxc4 b6 8.
O-O Bb7 9. Re1 O-O 10. e4 Bb4 11. Bg5 Qc8 12. Nd2 h6 13. Bf4 c5 14. Bd6 Bxc3
15. bxc3 Rd8 16. Bg3 cxd4 17. cxd4 Bxe4 18. Bxe6 Bc2 19. Bxd7 Rxd7 20. Qe2 Bg6
21. Nf3 Bh5 22. Red1 Qd8 23. Qe3 Rc8 24. Ne5 Bxd1 25. Nxd7 Qxd7 26. Rxd1 Re8
27. Qd3 1/2-1/2

[Event "NAYCC U16"]
[Site "Montreal CAN"]
[Date "2010.08.19"]
[Round "7"]
[White "Calugar, Arthur"]
[Black "Fisher, William"]
[Result "1-0"]
[WhiteElo "2399"]
[BlackElo "2165"]
[PlyCount "93"]
[EventDate "2010.08.16"]
[EventType "swiss"]
[EventRounds "7"]
[EventCountry "CAN"]

1. b3 d5 2. Bb2 Nf6 3. e3 g6 4. c4 c6 5. Nf3 Bg7 6. Be2 Bf5 7. d4 Nbd7 8. O-O
Qc7 9. Nbd2 Rd8 10. cxd5 cxd5 11. Rc1 Qb8 12. Ba3 Ne4 13. Nxe4 dxe4 14. Nd2 h5
15. Qc2 Nf6 16. Qc5 O-O 17. Qxe7 Rd7 18. Qc5 Ng4 19. Bxg4 hxg4 20. Nc4 Rfd8 21.
Qa5 Rd5 22. Qc3 Bd7 23. Nd2 Rh5 24. Qc7 Qxc7 25. Rxc7 Bc6 26. Nc4 Bf6 27. Be7
Bxe7 28. Rxe7 Kg7 29. Ne5 Bd5 30. Nxg4 Rdh8 31. h3 Be6 32. f3 Kf8 33. Rxb7 exf3
34. Rxf3 Ra5 35. Rf2 Rh4 36. Ne5 Re4 37. Nxf7 Rxe3 38. Ne5+ Ke8 39. Nxg6 Bf5
40. Ne5 Be4 41. Rbf7 Ra6 42. Rf8+ Ke7 43. R2f7+ Kd6 44. Rf6+ Ke7 45. R8f7+ Ke8
46. Rxa6 Re2 47. Re6+ 1-0

[Event "NAYCC U16"]
[Site "Montreal CAN"]
[Date "2010.08.19"]
[Round "7"]
[White "Chiang, Michael"]
[Black "Zhou, Joseph"]
[Result "1-0"]
[WhiteElo "2085"]
[BlackElo "1398"]
[PlyCount "47"]
[EventDate "2010.08.16"]
[EventType "swiss"]
[EventRounds "7"]
[EventCountry "CAN"]

1. e4 c5 2. Nf3 d6 3. d4 cxd4 4. Nxd4 Nf6 5. Nc3 Nc6 6. f3 a6 7. Be3 g6 8. Qd2
Bg7 9. g4 Bd7 10. O-O-O b5 11. h4 O-O 12. h5 Nxd4 13. Bxd4 Nxg4 14. Bxg7 Kxg7
15. fxg4 Bxg4 16. hxg6 fxg6 17. Qh6+ Kf7 18. Qxh7+ Ke8 19. Qxg6+ Kd7 20. Qxg4+
Kc7 21. Nd5+ Kb7 22. Rh7 Re8 23. e5 Kc6 24. Bg2 1-0

[Event "NAYCC U16"]
[Site "Montreal CAN"]
[Date "2010.08.19"]
[Round "7"]
[White "Gladstone, Simon"]
[Black "Fikiet, Alex"]
[Result "1/2-1/2"]
[WhiteElo "1739"]
[BlackElo "2223"]
[PlyCount "66"]
[EventDate "2010.08.16"]
[EventType "swiss"]
[EventRounds "7"]
[EventCountry "CAN"]

1. e4 e5 2. Nf3 Nc6 3. Bc4 Bc5 4. O-O Nf6 5. d4 exd4 6. e5 d5 7. exf6 dxc4 8.
fxg7 Rg8 9. Re1+ Be6 10. Bg5 Be7 11. Bxe7 Kxe7 12. Re4 d3 13. Nc3 Rxg7 14. cxd3
cxd3 15. Re3 d2 16. Qxd2 Qxd2 17. Nxd2 Rd8 18. Nf3 Nb4 19. Rc1 c6 20. a3 Nd3
21. Rc2 Nf4 22. g3 Nd5 23. Nxd5+ Rxd5 24. Rce2 a5 25. Ne5 Kd6 26. f4 b5 27. Kf2
a4 28. Rc3 c5 29. Nd3 Bf5 30. Nxc5 Rxc5 31. Rxc5 Kxc5 32. Re5+ Kc4 33. Rxf5 b4
1/2-1/2

[Event "NAYCC U16"]
[Site "Montreal CAN"]
[Date "2010.08.19"]
[Round "7"]
[White "Kleinman, Michael"]
[Black "Finney, Stuart"]
[Result "0-1"]
[WhiteElo "2206"]
[BlackElo "2175"]
[PlyCount "68"]
[EventDate "2010.08.16"]
[EventType "swiss"]
[EventRounds "7"]
[EventCountry "CAN"]

1. e4 c5 2. Nc3 Nc6 3. Bb5 Nd4 4. Bc4 g6 5. Nf3 Bg7 6. Nxd4 cxd4 7. Qf3 Nh6 8.
d3 O-O 9. Ne2 Ng4 10. Qg3 d6 11. h4 h5 12. f3 Ne5 13. Bb3 e6 14. Bg5 Qa5+ 15.
Bd2 Qc5 16. Nf4 a5 17. a4 Bd7 18. Qh3 b5 19. axb5 Bxb5 20. Rc1 a4 21. Ba2 Nc6
22. c4 dxc3 23. bxc3 Na5 24. d4 Qa3 25. Rc2 Nb3 26. Be3 Nxd4 27. Rd2 Qxc3 28.
Kf2 Nc2 29. Kg3 Nxe3 30. Nxg6 Qxd2 31. Bxe6 Qxg2+ 32. Qxg2 Nxg2 33. Ba2 Ne3 34.
Rb1 Bc4 0-1

[Event "NAYCC U16"]
[Site "Montreal CAN"]
[Date "2010.08.19"]
[Round "7"]
[White "Li, Ruokai (David)"]
[Black "Langlois-Remillard, Alexis"]
[Result "1-0"]
[WhiteElo "1597"]
[BlackElo "1090"]
[PlyCount "85"]
[EventDate "2010.08.16"]
[EventType "swiss"]
[EventRounds "7"]
[EventCountry "CAN"]

1. e4 d6 2. d4 Nf6 3. Nc3 g6 4. Be3 Bg7 5. f3 O-O 6. Qd2 e5 7. Nge2 Nc6 8.
O-O-O exd4 9. Nxd4 Nxd4 10. Bxd4 Be6 11. g4 a5 12. h4 h5 13. gxh5 Nxh5 14. Bxg7
Kxg7 15. Be2 Qf6 16. Rdg1 Qf4 17. Qxf4 Nxf4 18. h5 Nxe2+ 19. Nxe2 Bxa2 20. b3
a4 21. Kb2 axb3 22. cxb3 Rh8 23. Nc3 Bxb3 24. Kxb3 c5 25. Nd5 b5 26. Nf4 Ra4
27. hxg6 Rxh1 28. Rxh1 fxg6 29. Rg1 c4+ 30. Kb2 b4 31. Rxg6+ Kf7 32. Rxd6 Ra3
33. Nd5 c3+ 34. Kb1 Rb3+ 35. Kc1 Rb2 36. Rc6 Rf2 37. Nxb4 Rxf3 38. Kc2 Re3 39.
Rc4 Ke6 40. Nd3 Kd6 41. Kxc3 Ke6 42. Kd4 Re2 43. Nf4+ 1-0

[Event "NAYCC U16"]
[Site "Montreal CAN"]
[Date "2010.08.19"]
[Round "7"]
[White "Ng, Andrew"]
[Black "Gusev, Nikita"]
[Result "1/2-1/2"]
[WhiteElo "2200"]
[BlackElo "2254"]
[PlyCount "61"]
[EventDate "2010.08.16"]
[EventType "swiss"]
[EventRounds "7"]
[EventCountry "CAN"]

1. e4 c5 2. Nf3 e6 3. d4 cxd4 4. Nxd4 Nc6 5. Nc3 d6 6. Be3 Nf6 7. Be2 Be7 8.
O-O O-O 9. f4 a6 10. a4 Qc7 11. Bf3 Rb8 12. Qe2 Nxd4 13. Bxd4 e5 14. Ba7 Ra8
15. Be3 exf4 16. Bxf4 Be6 17. Rfd1 Qb6+ 18. Qe3 Qxe3+ 19. Bxe3 Nd7 20. Nd5 Bxd5
21. Rxd5 Ne5 22. Bf4 Rac8 23. c3 Rc5 24. Bxe5 Rxd5 25. Bxg7 Rd2 26. Bxf8 Kxf8
27. Rb1 Bf6 28. e5 Bxe5 29. Bxb7 a5 30. Bf3 Ke7 31. h3 1/2-1/2

[Event "NAYCC U16"]
[Site "Montreal CAN"]
[Date "2010.08.19"]
[Round "7"]
[White "Qin, Kai Long"]
[Black "Liu, Dan"]
[Result "0-1"]
[WhiteElo "1139"]
[BlackElo "1638"]
[PlyCount "102"]
[EventDate "2010.08.16"]
[EventType "swiss"]
[EventRounds "7"]
[EventCountry "CAN"]

1. e4 c6 2. d3 d5 3. Nd2 e5 4. g3 Nf6 5. Bg2 Bg4 6. Ngf3 Nbd7 7. h3 Be6 8. O-O
Bd6 9. a4 a5 10. b3 O-O 11. Bb2 Qc7 12. Re1 d4 13. Nh2 Ne8 14. g4 f6 15. Ndf1
Bb4 16. Re2 Nd6 17. Ng3 Kf7 18. Bc1 Rg8 19. f4 Ke7 20. f5 Bf7 21. Rf2 b5 22.
Bd2 Bxd2 23. Qxd2 Nc5 24. Ra3 bxa4 25. bxa4 Rab8 26. c3 Nb3 27. Qc2 dxc3 28.
Qxc3 Nd4 29. Nf3 Nxf3+ 30. Bxf3 Rb1+ 31. Kh2 Qb6 32. Rf1 Rxf1 33. Nxf1 Rb8 34.
Ra1 Qb2+ 35. Qxb2 Rxb2+ 36. Kg3 Rb4 37. Kf2 Bb3 38. Ke3 Kd7 39. Rb1 Bxa4 40.
Rxb4 axb4 41. d4 b3 42. Nd2 b2 43. Kd3 exd4 44. h4 c5 45. h5 c4+ 46. Kxd4 Bc2
47. e5 fxe5+ 48. Kc3 b1=Q 49. Nxb1 Bxb1 50. Bd5 Ke7 51. Be6 Kf6 0-1

[Event "NAYCC U16"]
[Site "Montreal CAN"]
[Date "2010.08.19"]
[Round "7"]
[White "Wu, Qiyou"]
[Black "Hinson, Miles"]
[Result "0-1"]
[WhiteElo "1704"]
[BlackElo "2103"]
[PlyCount "42"]
[EventDate "2010.08.16"]
[EventType "swiss"]
[EventRounds "7"]
[EventCountry "CAN"]

1. e4 c5 2. Nf3 d6 3. Bb5+ Bd7 4. Bxd7+ Nxd7 5. c4 Ngf6 6. Nc3 g6 7. d4 cxd4 8.
Nxd4 Bg7 9. f3 Rc8 10. b3 O-O 11. Be3 a6 12. a4 e6 13. Rc1 d5 14. cxd5 exd5 15.
exd5 Re8 16. Kf2 Rxc3 17. Rxc3 Nxd5 18. Rd3 Nc5 19. Re1 Nxd3+ 20. Qxd3 Nxe3 21.
Rxe3 Bxd4 0-1

[Event "NAYCC U16"]
[Site "Montreal CAN"]
[Date "2010.08.19"]
[Round "7"]
[White "Xiong, Jerry"]
[Black "Sarrazin-Gendron, Roman"]
[Result "1-0"]
[WhiteElo "2294"]
[BlackElo "1784"]
[PlyCount "75"]
[EventDate "2010.08.16"]
[EventType "swiss"]
[EventRounds "7"]
[EventCountry "CAN"]

1. e4 d6 2. Nf3 Nf6 3. Nc3 g6 4. d4 Bg7 5. Be3 O-O 6. Be2 c6 7. Qd2 b5 8. a3
Re8 9. Bh6 Qa5 10. Bxg7 Kxg7 11. O-O a6 12. Rfd1 Bb7 13. Qg5 Qc7 14. Nh4 Nbd7
15. f4 e5 16. Nf5+ Kg8 17. dxe5 dxe5 18. Nh6+ Kg7 19. f5 Nc5 20. fxg6 fxg6 21.
Nf5+ Kg8 22. Qxf6 gxf5 23. Qxf5 Rf8 24. Qg4+ Kh8 25. Rf1 Rg8 26. Qh4 Rg7 27.
Bf3 Ne6 28. Ne2 Rag8 29. Kh1 c5 30. Rad1 Nd4 31. Ng3 Nxc2 32. Nf5 Rg5 33. Nh6
R8g7 34. Bh5 Rxg2 35. Rf8+ Rg8 36. Rxg8+ Rxg8 37. Qf6+ Qg7 38. Nf7# 1-0

[Event "NAYCC U16 w"]
[Site "Montreal CAN"]
[Date "2010.08.16"]
[Round "1"]
[White "Desrosiers, Wislandie"]
[Black "Lam, Fiona"]
[Result "0-1"]
[WhiteElo "739"]
[BlackElo "1804"]
[PlyCount "38"]
[EventDate "2010.08.16"]
[EventType "tourn"]
[EventRounds "6"]
[EventCountry "CAN"]

1. e4 e5 2. Bc4 Nf6 3. Qf3 Bc5 4. Nc3 d6 5. d3 Nc6 6. Bg5 Nd4 7. Rc1 Nxf3+ 8.
gxf3 h6 9. Bh4 Be6 10. Nge2 g5 11. Bg3 Qd7 12. a3 a6 13. b4 Ba7 14. O-O h5 15.
h3 Bxc4 16. dxc4 Qxh3 17. Rfd1 h4 18. Bh2 Qxf3 19. Kf1 Qxf2# 0-1

[Event "NAYCC U16 w"]
[Site "Montreal CAN"]
[Date "2010.08.16"]
[Round "1"]
[White "Lee, Melissa"]
[Black "Matlin, Anna"]
[Result "0-1"]
[WhiteElo "1261"]
[BlackElo "2078"]
[PlyCount "64"]
[EventDate "2010.08.16"]
[EventType "tourn"]
[EventRounds "6"]
[EventCountry "CAN"]

1. e4 c5 2. Nf3 e6 3. d4 cxd4 4. Nxd4 a6 5. Nc3 Qc7 6. Be3 Bb4 7. Qd2 Nf6 8. f3
d5 9. Nde2 dxe4 10. fxe4 O-O 11. O-O-O Nxe4 12. Qd4 Nxc3 13. Nxc3 Nc6 14. Qh4
Qa5 15. Bd3 f5 16. Bd2 Qd8 17. Bg5 Be7 18. Bxe7 Qxe7 19. Qg3 b5 20. Be2 Qc5 21.
Bf3 Ra7 22. Bxc6 Qxc6 23. Rd6 Qc5 24. Rhd1 Raf7 25. Kb1 f4 26. Qh4 Qf5 27. Ne2
Qe4 28. Nc1 Qxg2 29. Rd8 g5 30. Qh6 Qg4 31. Rxf8+ Rxf8 32. Nd3 Qxd1+ 0-1

[Event "NAYCC U16 w"]
[Site "Montreal CAN"]
[Date "2010.08.16"]
[Round "1"]
[White "Robinson, Darrian"]
[Black "Zhang, Wenyue"]
[Result "1-0"]
[WhiteElo "2057"]
[BlackElo "1402"]
[PlyCount "44"]
[EventDate "2010.08.16"]
[EventType "tourn"]
[EventRounds "6"]
[EventCountry "CAN"]

1. e4 c5 2. Nc3 Nc6 3. g3 e6 4. Bg2 Nf6 5. f4 d5 6. e5 Nd7 7. Nf3 c4 8. O-O
Bc5+ 9. Kh1 O-O 10. d4 cxd3 11. Qxd3 Nb4 12. Qd1 a6 13. Ne2 Qc7 14. Ned4 Nc6
15. c3 b5 16. Ng5 h6 17. Ngxe6 Qb6 18. Nxf8 Nxf8 19. Nxc6 Bb7 20. Nd4 Ne6 21.
Be3 b4 22. f5 Nxd4 1-0

[Event "NAYCC U16 w"]
[Site "Montreal CAN"]
[Date "2010.08.16"]
[Round "2"]
[White "Desrosiers, Wislandie"]
[Black "Lee, Melissa"]
[Result "0-1"]
[WhiteElo "739"]
[BlackElo "1294"]
[PlyCount "72"]
[EventDate "2010.08.16"]
[EventType "tourn"]
[EventRounds "6"]
[EventCountry "CAN"]

1. e4 c5 2. Nc3 d6 3. Bc4 Nf6 4. Nf3 Nc6 5. O-O a6 6. h3 b5 7. Bb3 c4 8. d3
cxb3 9. axb3 g6 10. Bf4 Bg7 11. Qd2 O-O 12. Rae1 Be6 13. d4 Bd7 14. Re2 Qb6 15.
Rfe1 Nh5 16. Bg3 Nxg3 17. fxg3 Nxd4 18. Nxd4 Bxd4+ 19. Kh1 Be5 20. Nd5 Qd8 21.
Qe3 Bc6 22. Nb6 Rb8 23. Nd5 Bxd5 24. exd5 Qd7 25. Rf1 Qb7 26. Rd2 Rbc8 27. c4
bxc4 28. bxc4 Rxc4 29. b3 Rc3 30. Qf2 Qxb3 31. Rfd1 Bxg3 32. Qe2 Rfc8 33. Rd3
Rxd3 34. Rxd3 Rc1+ 35. Rd1 Rxd1+ 36. Qxd1 Qxd1# 0-1

[Event "NAYCC U16 w"]
[Site "Montreal CAN"]
[Date "2010.08.16"]
[Round "2"]
[White "Lam, Fiona"]
[Black "Robinson, Darrian"]
[Result "0-1"]
[WhiteElo "1804"]
[BlackElo "2057"]
[PlyCount "90"]
[EventDate "2010.08.16"]
[EventType "tourn"]
[EventRounds "6"]
[EventCountry "CAN"]

1. e4 c5 2. Nf3 d6 3. d4 cxd4 4. Nxd4 Nf6 5. Nc3 g6 6. Be3 Bg7 7. f3 Nc6 8. Qd2
O-O 9. O-O-O Nxd4 10. Bxd4 Be6 11. g4 Qa5 12. Kb1 Rfc8 13. g5 Nh5 14. Bxg7 Nxg7
15. Nd5 Qxd2 16. Rxd2 Kf8 17. h4 Bxd5 18. exd5 Rc5 19. Rhh2 Nf5 20. b4 Rc3 21.
Bd3 Ne3 22. h5 Kg7 23. Kb2 Rc7 24. Rh4 Nxd5 25. h6+ Kg8 26. Bxg6 fxg6 27. Rxd5
Rf8 28. Rd3 Rf5 29. Rg4 Re5 30. Kb3 b5 31. c3 Rc8 32. Re4 Rxe4 33. fxe4 Kf7 34.
Rd5 a6 35. Kc2 Ke6 36. Kd3 Rf8 37. Ke3 Kd7 38. Rd1 Kc6 39. Ra1 e6 40. a4 Kb6
41. Kd4 Rf3 42. axb5 axb5 43. Re1 Rg3 44. Re3 Rxg5 45. c4 Rh5 0-1

[Event "NAYCC U16 w"]
[Site "Montreal CAN"]
[Date "2010.08.16"]
[Round "2"]
[White "Matlin, Anna"]
[Black "Robichaud, Andrea"]
[Result "1-0"]
[WhiteElo "2078"]
[BlackElo "868"]
[PlyCount "41"]
[EventDate "2010.08.16"]
[EventType "tourn"]
[EventRounds "6"]
[EventCountry "CAN"]

1. d4 f5 2. c4 Nf6 3. Nc3 e6 4. Nf3 d6 5. g3 Be7 6. Bg2 g6 7. O-O d5 8. cxd5
exd5 9. Bg5 Nc6 10. Bxf6 Bxf6 11. e3 Be6 12. Ne1 a6 13. Nd3 Qd6 14. Nc5 O-O 15.
Qb3 Na5 16. Qb4 b6 17. Nxa6 Qxb4 18. Nxb4 c6 19. Rfc1 Be7 20. Ncxd5 Bxb4 21.
Nxb4 1-0

[Event "NAYCC U16 w"]
[Site "Montreal CAN"]
[Date "2010.08.17"]
[Round "3"]
[White "Robichaud, Andrea"]
[Black "Lee, Melissa"]
[Result "0-1"]
[WhiteElo "1174"]
[BlackElo "1522"]
[PlyCount "46"]
[EventDate "2010.08.16"]
[EventType "tourn"]
[EventRounds "6"]
[EventCountry "CAN"]

1. e4 c5 2. Nf3 d6 3. Nc3 Nc6 4. d3 Nf6 5. g3 g6 6. Be3 Bg7 7. Qd2 Ng4 8. h3
Nxe3 9. fxe3 a6 10. d4 cxd4 11. exd4 b5 12. a3 O-O 13. Ra2 Qb6 14. Nd5 Qa7 15.
c3 e5 16. dxe5 Nxe5 17. Nxe5 Bxe5 18. Ra1 Bxg3+ 19. Kd1 Be6 20. Ne3 Bf4 21. Ke2
Qc5 22. Bg2 Qg5 23. Rag1 Bc4+ 0-1

[Event "NAYCC U16 w"]
[Site "Montreal CAN"]
[Date "2010.08.17"]
[Round "3"]
[White "Robinson, Darrian"]
[Black "Matlin, Anna"]
[Result "0-1"]
[WhiteElo "2057"]
[BlackElo "2078"]
[PlyCount "118"]
[EventDate "2010.08.16"]
[EventType "tourn"]
[EventRounds "6"]
[EventCountry "CAN"]

1. e4 c5 2. Nc3 e6 3. g3 a6 4. e5 Nc6 5. f4 d5 6. d3 Nge7 7. Bg2 Nf5 8. Nf3 Qc7
9. O-O h5 10. Qe1 b5 11. Ne2 Bb7 12. h3 Be7 13. Bd2 g6 14. Rc1 Qb6 15. c3 a5
16. Kh2 Ba6 17. Rc2 b4 18. Nc1 c4 19. dxc4 Bxc4 20. Ne2 b3 21. axb3 Qxb3 22.
Rc1 h4 23. g4 Bxe2 24. Qxe2 Ng3 25. Qd3 Nxf1+ 26. Rxf1 Rb8 27. f5 gxf5 28. gxf5
Qc4 29. Qb1 Kd7 30. f6 Bc5 31. Kh1 Rbg8 32. b3 Qe2 33. Bg5 Rh5 34. Re1 Qf2 35.
Rf1 Qg3 36. Qc1 Rhxg5 37. Nxg5 Rxg5 38. Qd2 Rxe5 39. b4 Be3 40. Qd3 Bf4 41.
Qxg3 Bxg3 42. bxa5 Re1 43. Kg1 Rxf1+ 44. Kxf1 Nxa5 45. Ke2 Be5 46. Kf3 Bxc3 47.
Kg4 Bxf6 48. Kh5 Kd6 49. Kh6 Ke5 50. Kh7 Bg5 51. Kg8 f5 52. Kg7 d4 53. Kg6 Bd8
54. Bf1 Ke4 55. Kf7 d3 56. Kxe6 d2 57. Be2 f4 58. Kd7 f3 59. Bd1 f2 0-1

[Event "NAYCC U16 w"]
[Site "Montreal CAN"]
[Date "2010.08.17"]
[Round "3"]
[White "Zhang, Wenyue"]
[Black "Lam, Fiona"]
[Result "0-1"]
[WhiteElo "1402"]
[BlackElo "1804"]
[PlyCount "86"]
[EventDate "2010.08.16"]
[EventType "tourn"]
[EventRounds "6"]
[EventCountry "CAN"]

1. e4 e5 2. Nf3 Nc6 3. Bc4 Bc5 4. c3 Nf6 5. d4 exd4 6. cxd4 Bb4+ 7. Bd2 Bxd2+
8. Nbxd2 d5 9. exd5 Nxd5 10. Qb3 Nce7 11. Ne4 c6 12. Nc3 O-O 13. Nxd5 Nxd5 14.
O-O Nb6 15. Bd3 Bg4 16. Rad1 Qf6 17. Be4 Rfe8 18. Qd3 h6 19. h3 Be6 20. b3 Rad8
21. Qc2 Bd5 22. Bxd5 Nxd5 23. Rd2 Nf4 24. Rfd1 Nxh3+ 25. gxh3 Qxf3 26. Qd3 Qxd3
27. Rxd3 Re4 28. Kg2 Re2 29. a4 Re6 30. b4 Rd5 31. f4 Re2+ 32. Kf3 Rb2 33. b5
cxb5 34. Ke4 Rd7 35. axb5 Rxb5 36. d5 a5 37. Rd4 Rc5 38. Ra4 f5+ 39. Ke5 Kf7
40. h4 g6 41. Rd2 b6 42. Rd1 Rc2 43. Rh1 Re2+ 0-1

[Event "NAYCC U16 w"]
[Site "Montreal CAN"]
[Date "2010.08.17"]
[Round "4"]
[White "Matlin, Anna"]
[Black "Lam, Fiona"]
[Result "1-0"]
[WhiteElo "2078"]
[BlackElo "1804"]
[PlyCount "109"]
[EventDate "2010.08.16"]
[EventType "tourn"]
[EventRounds "6"]
[EventCountry "CAN"]

1. d4 d5 2. c4 c6 3. Nc3 Nf6 4. cxd5 cxd5 5. Bf4 Nc6 6. e3 a6 7. Bd3 Bg4 8.
Nge2 e6 9. h3 Bh5 10. a3 Bd6 11. Bxd6 Qxd6 12. O-O O-O 13. b4 b5 14. Qd2 Bg6
15. Nf4 Nd7 16. Bxg6 hxg6 17. Nd3 Nb6 18. Rfb1 Nc4 19. Qe1 Rab8 20. Nc5 Ne7 21.
a4 Rfe8 22. axb5 axb5 23. Ra7 Qc6 24. Ra6 Rb6 25. Rba1 Nc8 26. R1a2 Rxa6 27.
Rxa6 N8b6 28. Qa1 Ra8 29. Rxa8+ Nxa8 30. Nxb5 Qxb5 31. Qxa8+ Kh7 32. Qb7 Qxb7
33. Nxb7 Kg8 34. Kf1 Kf8 35. Ke2 Ke7 36. Kd3 Kd7 37. Kc3 Kc7 38. Nc5 Kc6 39.
Nd3 Kd6 40. h4 f6 41. Nf4 g5 42. hxg5 fxg5 43. Nh5 g6 44. Ng3 Nb6 45. Ne2 Nc4
46. e4 e5 47. Ng3 Nb6 48. dxe5+ Kxe5 49. exd5 Nxd5+ 50. Kc4 Nb6+ 51. Kc5 Nd7+
52. Kc6 Nb8+ 53. Kb7 Nd7 54. Kc7 Nf6 55. b5 1-0

[Event "NAYCC U16 w"]
[Site "Montreal CAN"]
[Date "2010.08.17"]
[Round "4"]
[White "Robinson, Darrian"]
[Black "Robichaud, Andrea"]
[Result "0-1"]
[WhiteElo "2057"]
[BlackElo "868"]
[PlyCount "84"]
[EventDate "2010.08.16"]
[EventType "tourn"]
[EventRounds "6"]
[EventCountry "CAN"]

1. e4 c5 2. Nf3 d6 3. d4 cxd4 4. Nxd4 Nf6 5. Nc3 g6 6. Bd3 Bg7 7. O-O O-O 8.
Bg5 Nc6 9. Be3 Ne5 10. Be2 Bd7 11. h3 Rc8 12. Qd2 Nc4 13. Bxc4 Rxc4 14. b3 Rc8
15. a4 Re8 16. Qd3 Qa5 17. Bd2 a6 18. Nce2 Qb6 19. Be3 Qc7 20. Rfc1 d5 21. exd5
Nxd5 22. Bd2 e5 23. c4 Nb6 24. Nc2 e4 25. Qe3 Bxa1 26. Rxa1 Qc5 27. Qf4 Nd5 28.
Qg3 Ne7 29. Re1 Nf5 30. Qc3 Qc6 31. g3 b5 32. axb5 axb5 33. Nf4 Qc5 34. Nd5
Qxd5 35. cxd5 Rxc3 36. Bxc3 Rc8 37. Ne3 Rxc3 38. Ng4 Kg7 39. Rxe4 Nd6 40. Rb4
Bf5 41. Kg2 Be4+ 42. Kh2 Rc1 0-1

[Event "NAYCC U16 w"]
[Site "Montreal CAN"]
[Date "2010.08.17"]
[Round "4"]
[White "Zhang, Wenyue"]
[Black "Desrosiers, Wislandie"]
[Result "1-0"]
[WhiteElo "1046"]
[BlackElo "739"]
[PlyCount "39"]
[EventDate "2010.08.16"]
[EventType "tourn"]
[EventRounds "6"]
[EventCountry "CAN"]

1. e4 e5 2. Nf3 Nf6 3. d3 Nc6 4. Bg5 Bc5 5. Nc3 h6 6. Bh4 O-O 7. Nd5 Qe8 8.
Bxf6 gxf6 9. Nxf6+ Kh8 10. Nxe8 Rxe8 11. g4 d6 12. g5 Bg4 13. Rg1 Nd4 14. Rxg4
Rg8 15. Nxd4 exd4 16. gxh6 Rae8 17. Qf3 Re6 18. Rxg8+ Kxg8 19. Qg4+ Kh7 20.
Qg7# 1-0

[Event "NAYCC U16 w"]
[Site "Montreal CAN"]
[Date "2010.08.18"]
[Round "5"]
[White "Lam, Fiona"]
[Black "Robichaud, Andrea"]
[Result "1-0"]
[WhiteElo "1804"]
[BlackElo "1174"]
[PlyCount "58"]
[EventDate "2010.08.16"]
[EventType "tourn"]
[EventRounds "6"]
[EventCountry "CAN"]

1. e4 c5 2. Nf3 d6 3. d4 cxd4 4. Nxd4 Nf6 5. Nc3 g6 6. Be3 Bg7 7. f3 O-O 8. Qd2
Bd7 9. O-O-O Nc6 10. h4 e5 11. Ndb5 d5 12. Nxd5 Nxd5 13. exd5 Ne7 14. g4 a6 15.
Nc3 Nc8 16. Bh6 Qf6 17. Bxg7 Qxg7 18. h5 Qf6 19. Ne4 Qg7 20. g5 f6 21. Nxf6+
Rxf6 22. gxf6 Qxf6 23. hxg6 Qxg6 24. Bd3 Bf5 25. Rdg1 Bxd3 26. Qxd3 Kf7 27.
Rxg6 hxg6 28. Rh7+ Kf6 29. Rxb7 g5 1-0

[Event "NAYCC U16 w"]
[Site "Montreal CAN"]
[Date "2010.08.18"]
[Round "5"]
[White "Lee, Melissa"]
[Black "Zhang, Wenyue"]
[Result "1-0"]
[WhiteElo "1522"]
[BlackElo "1402"]
[PlyCount "66"]
[EventDate "2010.08.16"]
[EventType "tourn"]
[EventRounds "6"]
[EventCountry "CAN"]

1. e4 c5 2. Nf3 d6 3. d4 cxd4 4. Nxd4 Nf6 5. Nc3 g6 6. Bc4 Bg7 7. Be3 Nc6 8. f3
Bd7 9. Qd2 Rc8 10. Bb3 a6 11. g4 b5 12. Nxc6 Bxc6 13. Bh6 Bxh6 14. Qxh6 Qb6 15.
Qd2 a5 16. Nd5 Nxd5 17. Bxd5 Bxd5 18. exd5 b4 19. Ke2 Qb5+ 20. Ke1 Qc4 21. Rc1
Qxa2 22. Qd4 Kd7 23. Kf2 Qa4 24. Rhe1 Rxc2+ 25. Kg3 Rhc8 26. Rxc2 Qxc2 27. Qe3
Re8 28. Rc1 b3 29. Qa7+ Kc8 30. Rxc2+ bxc2 31. Qa8+ Kd7 32. Qc6+ Kd8 33. Qxc2
e6 1-0

[Event "NAYCC U16 w"]
[Site "Montreal CAN"]
[Date "2010.08.18"]
[Round "6"]
[White "Lee, Melissa"]
[Black "Robinson, Darrian"]
[Result "1/2-1/2"]
[WhiteElo "1261"]
[BlackElo "2057"]
[PlyCount "128"]
[EventDate "2010.08.16"]
[EventType "tourn"]
[EventRounds "6"]
[EventCountry "CAN"]

1. e4 c5 2. Nf3 d6 3. d4 cxd4 4. Nxd4 Nf6 5. Nc3 g6 6. Bc4 Bg7 7. Be3 O-O 8. f3
Nc6 9. Qd2 Bd7 10. g4 Ne5 11. Bb3 Rc8 12. Bh6 Nc4 13. Bxc4 Rxc4 14. Bxg7 Kxg7
15. h4 h5 16. g5 Ne8 17. O-O-O a6 18. f4 Bg4 19. Nde2 b5 20. Rde1 Bf3 21. Rhf1
Bg4 22. f5 Nc7 23. Nd5 Nxd5 24. exd5 Bxf5 25. Nd4 Bd7 26. Qe3 Kh7 27. b3 Rc5
28. Qxe7 Qxe7 29. Rxe7 Rxd5 30. Rxd7 Rxd4 31. Rdxf7+ Rxf7 32. Rxf7+ Kg8 33. Rf6
Kg7 34. c3 Rxh4 35. Rxd6 Rh1+ 36. Kb2 Rh2+ 37. Ka3 Rg2 38. Rd5 h4 39. Rd4 h3
40. Rh4 h2 41. c4 bxc4 42. bxc4 Kf7 43. Kb3 Ke6 44. Ka3 Kf5 45. Rh8 Kxg5 46. c5
Rg3+ 47. Kb2 Rg2+ 48. Kb3 Rg3+ 49. Kb2 Rg4 50. Rxh2 Rc4 51. Rc2 Rxc2+ 52. Kxc2
Kf6 53. Kd3 Ke6 54. Ke4 Kd7 55. Ke5 Kc6 56. Kf6 Kxc5 57. Kxg6 Kb4 58. Kf5 Ka3
59. Ke4 a5 60. Kd3 Kxa2 61. Kc2 a4 62. Kc1 Ka1 63. Kc2 a3 64. Kc1 Ka2 1/2-1/2